[Event "Asia Cup U14"]
[Site "Shenzhen"]
[Date "2019.12.21"]
[Round "3.1"]
[White "Hou, Yifan B"]
[Black "Jin, Yueheng"]
[Result "1/2-1/2"]
[WhiteElo "2124"]
[BlackElo "1924"]
[PlyCount "102"]
[EventDate "2019.12.19"]
[EventType "team-tourn"]
[EventRounds "9"]
[EventCountry "CHN"]
[SourceTitle "CBM 194 Extra"]
[Source "ChessBase"]
[SourceDate "2020.03.31"]
[SourceVersion "1"]
[SourceVersionDate "2020.03.31"]
[SourceQuality "1"]
[WhiteTeam "China II"]
[BlackTeam "China"]
[WhiteTeamCountry "CHN"]
[BlackTeamCountry "CHN"]

1. d4 Nf6 2. Nf3 e6 3. c4 b6 4. g3 Bb7 5. Bg2 Be7 6. O-O O-O 7. b3 d5 8. cxd5
Nxd5 9. Bb2 Nd7 10. e4 N5f6 11. e5 Nd5 12. Nbd2 c5 13. Nc4 Rc8 14. Rc1 b5 15.
Nd6 Bxd6 16. exd6 c4 17. bxc4 bxc4 18. Ne5 Nxe5 19. dxe5 Qa5 20. Qd4 Qa4 21.
Bc3 Nxc3 22. Rxc3 Bxg2 23. Kxg2 Qxa2 24. d7 Rcd8 25. Rd1 Qa6 26. Kf3 f6 27.
Qxc4 fxe5+ 28. Ke4 Qxc4+ 29. Rxc4 Kf7 30. Rc7 Ke7 31. f3 a5 32. Rd3 h5 33. Ra7
g6 34. h3 a4 35. g4 hxg4 36. fxg4 Rf4+ 37. Kxe5 Rb4 38. Ra5 Rb3 39. Rd4 Rxh3
40. Kf4 Rxd7 41. Rxd7+ Kxd7 42. Rxa4 Kd6 43. Kg5 Kd5 44. Kxg6 e5 45. g5 e4 46.
Kf5 Rf3+ 47. Kg4 Rf1 48. g6 e3 49. Kg5 Rg1+ 50. Rg4 Rxg4+ 51. Kxg4 Ke6 1/2-1/2

[Event "Asia Cup U14"]
[Site "Shenzhen"]
[Date "2019.12.21"]
[Round "4.1"]
[White "Amilal, Munkhdalai"]
[Black "Hou, Yifan B"]
[Result "1-0"]
[WhiteElo "2126"]
[BlackElo "2124"]
[PlyCount "75"]
[EventDate "2019.12.19"]
[EventType "team-tourn"]
[EventRounds "9"]
[EventCountry "CHN"]
[SourceTitle "CBM 194 Extra"]
[Source "ChessBase"]
[SourceDate "2020.03.31"]
[SourceVersion "1"]
[SourceVersionDate "2020.03.31"]
[SourceQuality "1"]
[WhiteTeam "Mongolia II"]
[BlackTeam "China II"]
[WhiteTeamCountry "MGL"]
[BlackTeamCountry "CHN"]

1. e4 c5 2. Nf3 Nc6 3. d4 cxd4 4. Nxd4 Qc7 5. Nc3 e6 6. Be3 a6 7. Be2 Nf6 8.
O-O Be7 9. f4 d6 10. Qe1 Nxd4 11. Bxd4 b5 12. a3 Bb7 13. Bd3 O-O 14. Qg3 Rfe8
15. Kh1 Rad8 16. Rae1 Rd7 17. a4 b4 18. Na2 a5 19. c3 d5 20. Bxf6 Bxf6 21. e5
Be7 22. cxb4 Rc8 23. f5 Bf8 24. fxe6 fxe6 25. Qh3 g6 26. Qxe6+ Kh8 27. Rc1 Qd8
28. Rxf8+ Qxf8 29. Qxd7 Rxc1+ 30. Nxc1 Qxb4 31. Qd8+ Kg7 32. Qf6+ Kh6 33. Qf2
d4 34. Ne2 Qxa4 35. Qf8+ Kh5 36. Ng3+ Kg5 37. Qf6+ Kh6 38. Nf5+ 1-0

[Event "Asia Cup U14"]
[Site "Shenzhen"]
[Date "2019.12.23"]
[Round "5.1"]
[White "Hou, Yifan B"]
[Black "Han, Xuqian Ben"]
[Result "1-0"]
[WhiteElo "2124"]
[BlackElo "1714"]
[PlyCount "79"]
[EventDate "2019.12.19"]
[EventType "team-tourn"]
[EventRounds "9"]
[EventCountry "CHN"]
[SourceTitle "CBM 194 Extra"]
[Source "ChessBase"]
[SourceDate "2020.03.31"]
[SourceVersion "1"]
[SourceVersionDate "2020.03.31"]
[SourceQuality "1"]
[WhiteTeam "China II"]
[BlackTeam "Hong Kong"]
[WhiteTeamCountry "CHN"]
[BlackTeamCountry "HKG"]

1. d4 Nf6 2. Nf3 g6 3. g3 Bg7 4. Bg2 O-O 5. c4 d6 6. O-O Nc6 7. Bf4 Bg4 8. Nc3
Nd7 9. Be3 Rb8 10. d5 Bxf3 11. exf3 Nce5 12. Bxa7 Ra8 13. Bd4 Nb6 14. b3 c5 15.
dxc6 Nxc6 16. Bxg7 Kxg7 17. f4 Qd7 18. Re1 Rfe8 19. Qd2 e6 20. Rad1 Rad8 21.
Qb2 f6 22. c5 Nc8 23. cxd6 Nxd6 24. Ne4 Qe7 25. Nc5 Nf7 26. Rxd8 Ncxd8 27. b4
e5 28. a4 b6 29. fxe5 Nxe5 30. Nd3 Qd6 31. Nxe5 Rxe5 32. Rxe5 fxe5 33. a5 bxa5
34. bxa5 Kh6 35. Qb6 Qd1+ 36. Bf1 Nf7 37. a6 Ng5 38. Qe3 Kh5 39. Qe2+ Nf3+ 40.
Kg2 1-0

[Event "Asia Cup U14"]
[Site "Shenzhen"]
[Date "2019.12.24"]
[Round "7.1"]
[White "Hou, Yifan B"]
[Black "Yin, Richard"]
[Result "1-0"]
[WhiteElo "2124"]
[BlackElo "1427"]
[PlyCount "119"]
[EventDate "2019.12.19"]
[EventType "team-tourn"]
[EventRounds "9"]
[EventCountry "CHN"]
[SourceTitle "CBM 194 Extra"]
[Source "ChessBase"]
[SourceDate "2020.03.31"]
[SourceVersion "1"]
[SourceVersionDate "2020.03.31"]
[SourceQuality "1"]
[WhiteTeam "China II"]
[BlackTeam "Hong Kong II"]
[WhiteTeamCountry "CHN"]
[BlackTeamCountry "HKG"]

1. d4 d5 2. Nf3 Nf6 3. c4 e6 4. g3 c6 5. Qc2 Bd6 6. Bg2 O-O 7. O-O Nbd7 8. Nbd2
Re8 9. Rd1 Qc7 10. e4 dxe4 11. Nxe4 Nxe4 12. Qxe4 Nf6 13. Qc2 c5 14. dxc5 Bxc5
15. Bf4 e5 16. Bxe5 Rxe5 17. Nxe5 Qxe5 18. Rd8+ Bf8 19. Qd2 Qc5 20. b4 Qc7 21.
Re1 Rb8 22. c5 Bd7 23. Rxb8 Qxb8 24. Qc2 Bc6 25. Bf1 a6 26. a4 Qc7 27. Qb3 Bd5
28. Bc4 Bxc4 29. Qxc4 a5 30. bxa5 Qxa5 31. Rc1 Nd7 32. c6 Ne5 33. c7 Nxc4 34.
Rxc4 Qe1+ 35. Kg2 Qe6 36. c8=Q Qd5+ 37. f3 Qd2+ 38. Kh3 Qh6+ 39. Rh4 Qa6 40.
Qc4 Qd6 41. Rd4 Qg6 42. Kg2 h6 43. Rd2 b6 44. Qc8 Qg5 45. Re2 Qg6 46. Re8 Qd6
47. Qc2 Qb4 48. Rb8 Qd4 49. Qa2 Qc5 50. Rb7 Be7 51. Qb3 h5 52. Rxb6 Qd4 53.
Rb8+ Kh7 54. Qc2+ g6 55. Qb2 Bf6 56. Qxd4 Bxd4 57. a5 Be5 58. Rb7 Kg7 59. a6
Bd4 60. a7 1-0

[Event "Asia Cup U14"]
[Site "Shenzhen"]
[Date "2019.12.25"]
[Round "8.1"]
[White "Hou, Yifan B"]
[Black "Yeoh, Yuan Hui"]
[Result "1/2-1/2"]
[WhiteElo "2124"]
[BlackElo "1738"]
[PlyCount "77"]
[EventDate "2019.12.19"]
[EventType "team-tourn"]
[EventRounds "9"]
[EventCountry "CHN"]
[SourceTitle "CBM 194 Extra"]
[Source "ChessBase"]
[SourceDate "2020.03.31"]
[SourceVersion "1"]
[SourceVersionDate "2020.03.31"]
[SourceQuality "1"]
[WhiteTeam "China II"]
[BlackTeam "Malaysia"]
[WhiteTeamCountry "CHN"]
[BlackTeamCountry "MAS"]

1. d4 d5 2. Nf3 Nf6 3. c4 c6 4. e3 g6 5. Bd3 Bg7 6. O-O O-O 7. b3 Bg4 8. Bb2
Nbd7 9. Nbd2 e6 10. Qc2 Rc8 11. Ne5 Bf5 12. e4 dxe4 13. Nxe4 Nxe4 14. Bxe4 Bxe4
15. Qxe4 Nxe5 16. dxe5 Qd2 17. Bd4 Rfd8 18. Bxa7 Qa5 19. Bd4 Rxd4 20. Qxd4 Bxe5
21. Qd7 Rd8 22. Qxb7 Bxa1 23. Rxa1 Qxa2 24. Rf1 Rd3 25. Qb8+ Kg7 26. Qe5+ Kg8
27. h4 Qxb3 28. h5 Rd1 29. Qe2 Rxf1+ 30. Qxf1 gxh5 31. Qc1 f6 32. Qf4 f5 33.
Qd4 Qb1+ 34. Kh2 Qb8+ 35. g3 Qc7 36. Qf6 Qd7 37. Qg5+ Kf8 38. Qf6+ Kg8 39. Qg5+
1/2-1/2

[Event "Asia Cup U14"]
[Site "Shenzhen"]
[Date "2019.12.25"]
[Round "9.1"]
[White "Batbold, Nyamsuren"]
[Black "Hou, Yifan B"]
[Result "0-1"]
[WhiteElo "1963"]
[BlackElo "2124"]
[PlyCount "104"]
[EventDate "2019.12.19"]
[EventType "team-tourn"]
[EventRounds "9"]
[EventCountry "CHN"]
[SourceTitle "CBM 194 Extra"]
[Source "ChessBase"]
[SourceDate "2020.03.31"]
[SourceVersion "1"]
[SourceVersionDate "2020.03.31"]
[SourceQuality "1"]
[WhiteTeam "Mongolia"]
[BlackTeam "China II"]
[WhiteTeamCountry "MGL"]
[BlackTeamCountry "CHN"]

1. d4 f5 2. g3 Nf6 3. Bg2 e6 4. c4 d5 5. Nc3 c6 6. Nf3 Bd6 7. Qc2 O-O 8. O-O
Qe7 9. a3 Bd7 10. Rb1 Be8 11. Bf4 Nbd7 12. e3 Ne4 13. c5 Bb8 14. b4 a6 15. a4
e5 16. dxe5 Nxe5 17. Nxe5 Bxe5 18. Bxe5 Qxe5 19. Ne2 g5 20. f3 Nf6 21. Qc3 Qxc3
22. Nxc3 Bg6 23. Rb2 Rfe8 24. Kf2 Nd7 25. f4 Nf6 26. Bf3 Ng4+ 27. Bxg4 fxg4 28.
Re1 Kg7 29. Ne2 Bd3 30. Nd4 Kf6 31. Rd1 Bc4 32. Nb3 Bxb3 33. Rxb3 gxf4 34. exf4
Re4 35. Re1 Kf5 36. Rbe3 Rd8 37. R1e2 Rd7 38. Ke1 Rxb4 39. Re6 Re4 40. R2xe4
dxe4 41. Re5+ Kf6 42. Rxe4 a5 43. Ke2 Rd5 44. Rc4 Rh5 45. Rd4 Rxh2+ 46. Kf1 Rc2
47. Rd7 h5 48. Rxb7 Rxc5 49. Ra7 Kf5 50. Re7 h4 51. Rg7 Ke4 52. gxh4 Kf3 0-1

[Event "World Summit (Woman)"]
[Site "Xian"]
[Date "2019.12.19"]
[Round "1"]
[White "Stefanova, Antoaneta"]
[Black "Hou, Yifan"]
[Result "0-1"]
[WhiteElo "2476"]
[BlackElo "2664"]
[PlyCount "68"]
[EventDate "2019.12.19"]
[EventType "tourn (rapid)"]
[EventRounds "7"]
[EventCountry "CHN"]
[EventCategory "10"]
[SourceTitle "CBM 193 Extra"]
[Source "ChessBase"]
[SourceDate "2020.01.31"]
[SourceVersion "1"]
[SourceVersionDate "2020.01.31"]
[SourceQuality "1"]

1. d4 Nf6 2. Bf4 d5 3. e3 c5 4. c3 Nc6 5. Nd2 e6 6. Ngf3 Be7 7. Ne5 Nd7 8. Bd3
O-O 9. h4 f6 10. Nxd7 Bxd7 11. Nf3 Be8 12. h5 cxd4 13. exd4 e5 14. dxe5 fxe5
15. Bxe5 Rxf3 16. Bxh7+ Kxh7 17. Qxf3 Nxe5 18. Qf5+ Kg8 19. Qxe5 Bf6 20. Qf5
Qe7+ 21. Kf1 Bb5+ 22. Kg1 Rd8 23. h6 Qe4 24. Rh5 Be8 25. hxg7 Bxh5 26. Qxf6 Re8
27. f3 Qe3+ 28. Kh1 Bf7 29. Rd1 Re6 30. Qd8+ Kxg7 31. Kh2 Rh6+ 32. Kg3 Rg6+ 33.
Kh2 Qe2 34. Rg1 Qf2 0-1

[Event "World Summit (Woman)"]
[Site "Xian"]
[Date "2019.12.19"]
[Round "2"]
[White "Hou, Yifan"]
[Black "Tan, Zhongyi"]
[Result "1-0"]
[WhiteElo "2664"]
[BlackElo "2502"]
[PlyCount "53"]
[EventDate "2019.12.19"]
[EventType "tourn (rapid)"]
[EventRounds "7"]
[EventCountry "CHN"]
[EventCategory "10"]
[SourceTitle "CBM 193 Extra"]
[Source "ChessBase"]
[SourceDate "2020.01.31"]
[SourceVersion "1"]
[SourceVersionDate "2020.01.31"]
[SourceQuality "1"]

1. e4 e5 2. Bc4 Nf6 3. d3 c6 4. Nf3 d5 5. Bb3 a5 6. a4 Bb4+ 7. c3 Bd6 8. Nbd2
O-O 9. O-O Re8 10. Re1 Nbd7 11. Nf1 Nf8 12. exd5 Nxd5 13. Bg5 Qc7 14. Ng3 h6
15. Bd2 Ng6 16. Ne4 Be7 17. h3 Bd7 18. d4 f5 19. c4 Nb4 20. c5+ Kh8 21. Nd6
Bxd6 22. cxd6 Qxd6 23. dxe5 Qe7 24. Bg5 Qf8 25. Qxd7 hxg5 26. Nxg5 Qe7 27. Qxf5
1-0

[Event "World Summit (Woman)"]
[Site "Xian"]
[Date "2019.12.20"]
[Round "4"]
[White "Dzagnidze, Nana"]
[Black "Hou, Yifan"]
[Result "0-1"]
[WhiteElo "2520"]
[BlackElo "2664"]
[PlyCount "110"]
[EventDate "2019.12.19"]
[EventType "tourn (rapid)"]
[EventRounds "7"]
[EventCountry "CHN"]
[EventCategory "10"]
[SourceTitle "CBM 193 Extra"]
[Source "ChessBase"]
[SourceDate "2020.01.31"]
[SourceVersion "1"]
[SourceVersionDate "2020.01.31"]
[SourceQuality "1"]

1. c4 c5 2. Nf3 g6 3. Nc3 Bg7 4. g3 Nc6 5. Bg2 d6 6. O-O Bf5 7. d3 Qd7 8. Re1
Bh3 9. Bh1 h5 10. Rb1 h4 11. Nd5 hxg3 12. hxg3 Nf6 13. Bd2 Nxd5 14. cxd5 Ne5
15. Nxe5 Bxe5 16. Bc3 Bxc3 17. bxc3 b6 18. e4 Rh7 19. e5 dxe5 20. Rxe5 Bg4 21.
Bf3 Qd6 22. d4 cxd4 23. cxd4 Bd7 24. Qd3 Kf8 25. Rbe1 Re8 26. Qa6 Qf6 27. Qa3
g5 28. Be4 Rh8 29. Qf3 Qh6 30. Bf5 Qh2+ 31. Kf1 Bb5+ 32. R1e2 Qh1+ 33. Qxh1
Bxe2+ 34. Kg1 Rxh1+ 35. Kxh1 Bf3+ 36. Kg1 Rd8 37. a3 Rxd5 38. Rxd5 Bxd5 39. f4
e6 40. Bd3 g4 41. f5 Ke7 42. Kf2 exf5 43. Bxf5 Be6 44. Bd3 Kd6 45. Ke3 a5 46.
Be2 Bd7 47. Bc4 f6 48. Ke4 b5 49. Bd3 b4 50. axb4 axb4 51. d5 Kc5 52. Bc2 Kc4
53. d6 Kc5 54. Bb3 Kxd6 55. Kd4 Be6 0-1

[Event "World Summit (Woman)"]
[Site "Xian"]
[Date "2019.12.20"]
[Round "5"]
[White "Hou, Yifan"]
[Black "Shen, Yang"]
[Result "1-0"]
[WhiteElo "2664"]
[BlackElo "2402"]
[PlyCount "99"]
[EventDate "2019.12.19"]
[EventType "tourn (rapid)"]
[EventRounds "7"]
[EventCountry "CHN"]
[EventCategory "10"]
[SourceTitle "CBM 193 Extra"]
[Source "ChessBase"]
[SourceDate "2020.01.31"]
[SourceVersion "1"]
[SourceVersionDate "2020.01.31"]
[SourceQuality "1"]

1. e4 e5 2. Nf3 Nc6 3. Bc4 Bc5 4. O-O Nf6 5. d3 O-O 6. h3 h6 7. Re1 d6 8. c3
Bb6 9. Bb3 Be6 10. Nbd2 Re8 11. Ba4 a6 12. Nf1 Bd7 13. Ng3 Ne7 14. Bc2 Ng6 15.
d4 c5 16. d5 Qc8 17. Be3 Bd8 18. b4 cxb4 19. cxb4 b5 20. a4 Qb7 21. a5 Be7 22.
Bd3 Rac8 23. Nh2 Rc7 24. Ng4 Nxg4 25. hxg4 Bg5 26. Bxg5 hxg5 27. Nf5 Bxf5 28.
gxf5 Nf8 29. Qh5 Nh7 30. Re3 g4 31. Qxg4 Qc8 32. Qd1 Rc3 33. Qd2 Re7 34. Bf1
Rec7 35. Rxc3 Rxc3 36. Bd3 Nf6 37. g3 Nd7 38. Kg2 Rc7 39. Qg5 Nf6 40. Rh1 Rc3
41. Qh4 Kf8 42. Qh8+ Ke7 43. Qxg7 Rxd3 44. Rh6 Nxd5 45. Re6+ Kd7 46. Qxf7+ Kc6
47. exd5+ Rxd5 48. f6 e4 49. Rxe4 Rf5 50. Re2 1-0

[Event "World Summit (Woman)"]
[Site "Xian"]
[Date "2019.12.20"]
[Round "6"]
[White "Ushenina, Anna"]
[Black "Hou, Yifan"]
[Result "1/2-1/2"]
[WhiteElo "2416"]
[BlackElo "2664"]
[PlyCount "80"]
[EventDate "2019.12.19"]
[EventType "tourn (rapid)"]
[EventRounds "7"]
[EventCountry "CHN"]
[EventCategory "10"]
[SourceTitle "CBM 193 Extra"]
[Source "ChessBase"]
[SourceDate "2020.01.31"]
[SourceVersion "1"]
[SourceVersionDate "2020.01.31"]
[SourceQuality "1"]

1. d4 Nf6 2. c4 e6 3. Nf3 b6 4. g3 Bb4+ 5. Bd2 a5 6. Bg2 Bb7 7. O-O O-O 8. Bf4
Be7 9. Qc2 d5 10. cxd5 Nxd5 11. Bd2 Nd7 12. Nc3 N7f6 13. Rfd1 Nxc3 14. Bxc3 Be4
15. Qd2 Qd5 16. Ne1 Bxg2 17. Nxg2 Rfd8 18. f3 c5 19. Kh1 Qb7 20. Qe1 Nd5 21.
dxc5 Nxc3 22. Qxc3 bxc5 23. Rxd8+ Rxd8 24. Nf4 Bf6 25. Qb3 Qc7 26. Rc1 Bg5 27.
Rc4 Bxf4 28. Rxf4 Rd2 29. Qb5 g5 30. Re4 Qd6 31. Kg2 h6 32. Kf2 Qd5 33. a3 Rc2
34. Qxa5 Rxb2 35. Qc3 Rb1 36. Qc2 Ra1 37. a4 Qd8 38. Rc4 Qa5 39. Qc3 Rxa4 40.
Rxc5 Qxc3 1/2-1/2

[Event "World Summit (Woman)"]
[Site "Xian"]
[Date "2019.12.20"]
[Round "7"]
[White "Hou, Yifan"]
[Black "Khademalsharieh, Sarasadat"]
[Result "1/2-1/2"]
[WhiteElo "2664"]
[BlackElo "2487"]
[PlyCount "95"]
[EventDate "2019.12.19"]
[EventType "tourn (rapid)"]
[EventRounds "7"]
[EventCountry "CHN"]
[EventCategory "10"]
[SourceTitle "CBM 193 Extra"]
[Source "ChessBase"]
[SourceDate "2020.01.31"]
[SourceVersion "1"]
[SourceVersionDate "2020.01.31"]
[SourceQuality "1"]

1. e4 e5 2. Nf3 Nc6 3. Bb5 a6 4. Ba4 Nf6 5. O-O b5 6. Bb3 Bc5 7. c3 d6 8. d3
Rb8 9. Be3 O-O 10. Nbd2 Bb6 11. h3 Ne7 12. d4 Ng6 13. Re1 h6 14. Bc2 Re8 15. a4
c6 16. Nf1 c5 17. Ng3 Qc7 18. b4 cxb4 19. cxb4 Be6 20. Rc1 Qb7 21. axb5 axb5
22. Bd3 Bd7 23. Qd2 Rec8 24. Bxh6 gxh6 25. Qxh6 Rxc1 26. Rxc1 Rc8 27. Rd1 Bd8
28. Ng5 Nf4 29. dxe5 dxe5 30. Bb1 Be6 31. Nxe6 fxe6 32. Qg5+ Qg7 33. Qxe5 Bc7
34. Qb2 Bb6 35. Kf1 Rf8 36. Ba2 Kh8 37. Rd2 Kh7 38. Qe5 Qc7 39. Qxc7+ Bxc7 40.
Ne2 Ra8 41. g3 Nxh3 42. Bxe6 Ng5 43. Bf5+ Kg8 44. Nc3 Be5 45. Nxb5 Rb8 46. Nd4
Ngxe4 47. Bxe4 Nxe4 48. Re2 1/2-1/2

[Event "Speed Chess (Women) GP2"]
[Site "Chess.com INT"]
[Date "2020.07.01"]
[Round "1.1"]
[White "Hou, Yifan"]
[Black "Mammadzada, Gunay Vuqar Qizi"]
[Result "0-1"]
[WhiteElo "2658"]
[BlackElo "2443"]
[PlyCount "86"]
[EventDate "2020.07.01"]
[EventType "k.o. (blitz)"]
[EventRounds "4"]
[EventCountry "USA"]
[SourceTitle "CBM 197 Extra"]
[Source "ChessBase"]
[SourceDate "2020.09.30"]
[SourceVersion "1"]
[SourceVersionDate "2020.09.30"]
[SourceQuality "1"]

1. e4 c5 2. Nf3 d6 3. d4 cxd4 4. Qxd4 Nf6 5. Be2 g6 6. c4 Bg7 7. h3 Nc6 8. Qe3
O-O 9. O-O Nd7 10. Nc3 a6 11. b3 Nde5 12. Bb2 Nxf3+ 13. Bxf3 Nd4 14. Rfd1 Nc2
15. Qd2 Nxa1 16. Rxa1 Rb8 17. a4 Be6 18. Be2 Qb6 19. Qc2 Rbc8 20. Rd1 Qc5 21.
Qd2 Rfe8 22. Rb1 Bd7 23. Qd3 Rb8 24. Bc1 Qd4 25. Qxd4 Bxd4 26. Nd5 e6 27. Nf4
b5 28. cxb5 axb5 29. a5 Bc6 30. Bd3 b4 31. Ne2 Bc5 32. Bf4 e5 33. Bd2 Bb5 34.
Bxb5 Rxb5 35. Ra1 Ra8 36. a6 Rb6 37. a7 Rb7 38. Rc1 Rbxa7 39. Be1 Ra1 40. Kf1
Rxc1 41. Nxc1 Ra1 42. Nd3 Rb1 43. Ke2 Rxb3 0-1

[Event "Speed Chess (Women) GP2"]
[Site "Chess.com INT"]
[Date "2020.07.01"]
[Round "1.2"]
[White "Mammadzada, Gunay Vuqar Qizi"]
[Black "Hou, Yifan"]
[Result "1-0"]
[WhiteElo "2443"]
[BlackElo "2658"]
[PlyCount "89"]
[EventDate "2020.07.01"]
[EventType "k.o. (blitz)"]
[EventRounds "4"]
[EventCountry "USA"]
[SourceTitle "CBM 197 Extra"]
[Source "ChessBase"]
[SourceDate "2020.09.30"]
[SourceVersion "1"]
[SourceVersionDate "2020.09.30"]
[SourceQuality "1"]

1. e4 c5 2. Nf3 d6 3. d4 cxd4 4. Nxd4 Nf6 5. Nc3 Nc6 6. f3 e5 7. Nb3 Be7 8. Be3
O-O 9. Qd2 a5 10. Bb5 Be6 11. O-O-O Nb4 12. a3 Qc7 13. Bg5 a4 14. Bxa4 Rxa4 15.
Bxf6 Bxf6 16. axb4 Bxb3 17. cxb3 Ra6 18. Kc2 Be7 19. Kd3 Qd7 20. Ke2 f5 21.
Qd5+ Kh8 22. exf5 Rxf5 23. Ne4 Rc6 24. Rc1 h6 25. b5 Rb6 26. Nc3 e4 27. Qd4
exf3+ 28. gxf3 Qe6+ 29. Kd2 Bg5+ 30. Kc2 Qg6 31. Qe4 d5 32. Qd3 Rxf3 33. Qxg6
Rxg6 34. Rcd1 Rf2+ 35. Kb1 Bf6 36. Rhg1 Rxg1 37. Rxg1 Bxc3 38. bxc3 Rxh2 39.
Rd1 Rh5 40. b6 Rg5 41. Kc2 h5 42. c4 dxc4 43. bxc4 h4 44. Rd4 Rh5 45. Rd8+ 1-0

[Event "Speed Chess (Women) GP2"]
[Site "Chess.com INT"]
[Date "2020.07.01"]
[Round "1.3"]
[White "Hou, Yifan"]
[Black "Mammadzada, Gunay Vuqar Qizi"]
[Result "0-1"]
[WhiteElo "2658"]
[BlackElo "2443"]
[PlyCount "132"]
[EventDate "2020.07.01"]
[EventType "k.o. (blitz)"]
[EventRounds "4"]
[EventCountry "USA"]
[SourceTitle "CBM 197 Extra"]
[Source "ChessBase"]
[SourceDate "2020.09.30"]
[SourceVersion "1"]
[SourceVersionDate "2020.09.30"]
[SourceQuality "1"]

1. e4 c5 2. Nf3 d6 3. d4 cxd4 4. Qxd4 Nf6 5. Be2 g6 6. h3 Bg7 7. c4 Nc6 8. Qe3
O-O 9. O-O Nd7 10. Nc3 a6 11. Bd2 Nde5 12. Nxe5 dxe5 13. c5 Nd4 14. Rac1 e6 15.
Bc4 Bd7 16. b4 b6 17. Ne2 bxc5 18. bxc5 Bc6 19. Nxd4 exd4 20. Qd3 Qe7 21. Rfe1
a5 22. e5 Rfd8 23. Qg3 h6 24. Bd3 Rac8 25. Bxa5 Rd5 26. Bc4 Rd7 27. Bb6 Ra8 28.
Qd3 Qg5 29. g3 Bxe5 30. h4 Qh5 31. Bb5 Bxb5 32. Qxb5 Rd5 33. Qd3 Qf5 34. Qxf5
gxf5 35. c6 d3 36. Red1 Rc8 37. a4 Bc7 38. a5 e5 39. Ra1 e4 40. Bxc7 Rxc7 41.
a6 Rd8 42. Rdb1 Ra8 43. Rb6 Kg7 44. Kf1 Kf6 45. Ke1 f4 46. gxf4 Kf5 47. Rb7
Rxc6 48. a7 Rcc8 49. Rxf7+ Kg4 50. Rg7+ Kf3 51. Rg3+ Kxf4 52. Rg7 Rc2 53. Rf7+
Kg4 54. Re7 Kf4 55. Ra4 Re2+ 56. Kf1 Kf3 57. Rf7+ Kg4 58. Rb7 Kf3 59. Rf7+ Kg4
60. Rxe4+ Rxe4 61. f3+ Kxh4 62. fxe4 Kg5 63. e5 Kg6 64. e6 h5 65. Ke1 Re8 66.
Kd2 Rd8 0-1

[Event "Speed Chess (Women) GP2"]
[Site "Chess.com INT"]
[Date "2020.07.01"]
[Round "1.4"]
[White "Mammadzada, Gunay Vuqar Qizi"]
[Black "Hou, Yifan"]
[Result "0-1"]
[WhiteElo "2443"]
[BlackElo "2658"]
[PlyCount "86"]
[EventDate "2020.07.01"]
[EventType "k.o. (blitz)"]
[EventRounds "4"]
[EventCountry "USA"]
[SourceTitle "CBM 197 Extra"]
[Source "ChessBase"]
[SourceDate "2020.09.30"]
[SourceVersion "1"]
[SourceVersionDate "2020.09.30"]
[SourceQuality "1"]

1. e4 e6 2. d4 d5 3. Nd2 c5 4. Ngf3 cxd4 5. Nxd4 Nf6 6. exd5 Nxd5 7. c3 Be7 8.
N2f3 O-O 9. Bd3 b6 10. O-O Bb7 11. a3 Nc6 12. Nxc6 Bxc6 13. Ne5 Bb7 14. c4 Nf6
15. Be2 Qc7 16. Nf3 Rfd8 17. Qc2 e5 18. h3 e4 19. Nh2 h5 20. Re1 Bc5 21. Be3
Bxe3 22. fxe3 Bc8 23. Nf1 Be6 24. Rad1 h4 25. b3 Qe5 26. Rd2 Rxd2 27. Qxd2 Qg5
28. Kh1 Nh5 29. Bxh5 Qxh5 30. Qd4 Qg6 31. Nd2 Qg3 32. Rf1 f5 33. b4 Qc7 34. c5
Rd8 35. Qc3 bxc5 36. bxc5 Rd3 37. Qc1 Rxe3 38. Nc4 Re2 39. Nd6 Qc6 40. Rd1 e3
41. Rg1 Bd5 42. Nxf5 Bxg2+ 43. Kh2 Be4+ 0-1

[Event "Speed Chess (Women) GP2"]
[Site "Chess.com INT"]
[Date "2020.07.01"]
[Round "1.5"]
[White "Hou, Yifan"]
[Black "Mammadzada, Gunay Vuqar Qizi"]
[Result "1-0"]
[WhiteElo "2658"]
[BlackElo "2443"]
[PlyCount "77"]
[EventDate "2020.07.01"]
[EventType "k.o. (blitz)"]
[EventRounds "4"]
[EventCountry "USA"]
[SourceTitle "CBM 197 Extra"]
[Source "ChessBase"]
[SourceDate "2020.09.30"]
[SourceVersion "1"]
[SourceVersionDate "2020.09.30"]
[SourceQuality "1"]

1. e4 c5 2. Ne2 Nf6 3. Nbc3 d6 4. g3 Nc6 5. Bg2 g6 6. d4 cxd4 7. Nxd4 Nxd4 8.
Qxd4 Bg7 9. O-O O-O 10. h3 Be6 11. Be3 Ng4 12. Qd2 Nxe3 13. Qxe3 Qa5 14. Nd5
Bxd5 15. exd5 Bxb2 16. Rab1 Bf6 17. g4 Qxa2 18. g5 Bg7 19. Rxb7 a5 20. Qxe7 a4
21. Qxd6 a3 22. Qc5 Rac8 23. Rc7 Rxc7 24. Qxc7 Qb2 25. d6 a2 26. d7 Qb8 27. Qa5
a1=Q 28. Rxa1 Bxa1 29. Qxa1 Qd6 30. Qa4 Rd8 31. Bc6 Qc5 32. h4 Qd6 33. Qe4 Kf8
34. Qe8+ Kg7 35. Qxd8 Qd1+ 36. Kh2 Qd6+ 37. Kg2 Qxc6+ 38. f3 Qxc2+ 39. Kg3 1-0

[Event "Speed Chess (Women) GP2"]
[Site "Chess.com INT"]
[Date "2020.07.01"]
[Round "1.6"]
[White "Mammadzada, Gunay Vuqar Qizi"]
[Black "Hou, Yifan"]
[Result "0-1"]
[WhiteElo "2443"]
[BlackElo "2658"]
[PlyCount "110"]
[EventDate "2020.07.01"]
[EventType "k.o. (blitz)"]
[EventRounds "4"]
[EventCountry "USA"]
[SourceTitle "CBM 197 Extra"]
[Source "ChessBase"]
[SourceDate "2020.09.30"]
[SourceVersion "1"]
[SourceVersionDate "2020.09.30"]
[SourceQuality "1"]

1. e4 e6 2. d4 d5 3. Nd2 c5 4. exd5 Qxd5 5. Ngf3 cxd4 6. Bc4 Qd6 7. O-O Nf6 8.
Nb3 Nc6 9. Nbxd4 Nxd4 10. Nxd4 a6 11. Re1 Qc7 12. Bf1 Be7 13. g3 b6 14. Bf4 Qc5
15. Bg2 Ra7 16. Nc6 Rd7 17. Qc1 O-O 18. Be3 Qh5 19. Nxe7+ Rxe7 20. Bxb6 Bb7 21.
h3 Bxg2 22. Kxg2 Qd5+ 23. Kh2 Nd7 24. Rd1 Qc6 25. Bd4 e5 26. Be3 Nf6 27. Qd2
Qf3 28. Bc5 Rd7 29. Qe3 Qh5 30. f3 Rc8 31. b4 e4 32. Kg2 h6 33. Rxd7 Nxd7 34.
Qxe4 Nxc5 35. bxc5 Qxc5 36. Rc1 Rd8 37. Qe2 Qa3 38. Rd1 Rxd1 39. Qxd1 Qxa2 40.
Qd8+ Kh7 41. Qd3+ g6 42. h4 h5 43. Kh3 a5 44. Qb3 Qxb3 45. cxb3 Kg7 46. g4 Kf6
47. gxh5 gxh5 48. Kg3 Ke5 49. Kg2 Kd4 50. Kg3 Ke3 51. f4 f5 52. Kg2 Kxf4 53.
Kf2 Kg4 54. Ke3 Kg3 55. Kd4 f4 0-1

[Event "Speed Chess (Women) GP2"]
[Site "Chess.com INT"]
[Date "2020.07.01"]
[Round "1.7"]
[White "Hou, Yifan"]
[Black "Mammadzada, Gunay Vuqar Qizi"]
[Result "1-0"]
[WhiteElo "2658"]
[BlackElo "2443"]
[PlyCount "78"]
[EventDate "2020.07.01"]
[EventType "k.o. (blitz)"]
[EventRounds "4"]
[EventCountry "USA"]
[SourceTitle "CBM 197 Extra"]
[Source "ChessBase"]
[SourceDate "2020.09.30"]
[SourceVersion "1"]
[SourceVersionDate "2020.09.30"]
[SourceQuality "1"]

1. e4 c5 2. Nf3 d6 3. Bb5+ Bd7 4. c4 Nf6 5. Nc3 g6 6. d4 cxd4 7. Nxd4 Bg7 8.
O-O Nc6 9. h3 O-O 10. Be3 Ne5 11. Bxd7 Nfxd7 12. Qe2 Rc8 13. b3 a6 14. Rac1 Nc6
15. Nxc6 Rxc6 16. Rfd1 Re8 17. Nd5 Rc8 18. Bg5 h6 19. Be3 Kh7 20. f4 e6 21. Nc3
Qe7 22. Qd2 Rc6 23. e5 Bf8 24. Ne4 Qd8 25. Nxd6 Bxd6 26. exd6 Nf6 27. Qd4 Nd7
28. b4 e5 29. fxe5 Rxe5 30. Qf4 Rf5 31. Qxh6+ Kg8 32. Bd4 Ne5 33. c5 Rh5 34.
Qf4 Nd7 35. Rf1 Qf8 36. Rce1 Rc8 37. Re7 Rf5 38. Qh4 Rxf1+ 39. Kxf1 f6 1-0